000 00766nam a2200277Ia 4500
003 OSt
005 20221006153059.0
006 a|||||r|||| 00| 0
007 ta
008 221006b |||||||| |||| 00| 0 kor d
020 _cW10,000
024 _a31,229
037 _bGift, Korea Foundation
_cTextual
040 _aEASL
_cEASL
_bkor
041 _2kor
_akor
082 _aV42.A, 495P1
100 _aKWON O-Yeop
_9662424
245 0 _aKa sa ki (Sa, Chung, Ha Kwan)
260 _aDaejon
_bChungnam University Korea
_c2001
300 _a289p.
_ccm.
490 _v 2 KL
650 _a Japanese ancient period
_9662425
650 _aKL
942 _hV42.A, 495P1
_cTEXL
_2CC
999 _c1099315
_d1099315